00503nam a2200193 a 4500001001300000003000900013005001700022008004100039020001000080082002100090100002400111245003200135260002700167300000900194500003500203505003100238650001600269700002400285nice12345678IN_TiNIC20260116013946.0050524s1998 dela grp 000 0 eng  ac52500a306.0899145bAGA aAgarwallah, Shyam S aReligion and Caste Politics aDelhibRawat Pubc1998 a308p aincludes index and biblioraphy2 aGlossary, Reference, Index aCaste-India1 aAgarwallah, Shyam S